000
00276pam a2200121 a 4500
020
_c
041
_a
eng
100
_a
Gandhi.M.K.
245
_a
Hind Swaraj Or Indian Home Rules
_h
Textual Documents
260
_a
[s.l]:
_b
Navjivan Publishing
300
_a
110p.
930
_a
15546
999
_c
92446
_d
92446